Vplyv polydisperzity práškového materiálu na pevnosť tablety

Salvato in:
Dettagli Bibliografici
Autore principale: Jandura, Tomáš (Autore)
Altri autori: Peciar, Marián (Relatore della tesi)
Natura: Manoscritto Libro
Lingua:slovacco
Pubblicazione: 2024
Soggetti:
Accesso online:http://is.stuba.sk/zp/portal_zp.pl?podrobnosti=177950
Tags: Aggiungi Tag
Nessun Tag, puoi essere il primo ad aggiungerne!!

MARC

LEADER 00000ntm a22000003a 4500
001 stuzp99991
003 SK-STU
005 20241120093606.0
007 ta
008 150427s2015----xo-----f-mn---000-0-slo-d
040 |a STU  |b slo 
041 0 |a slo 
100 1 |a Jandura, Tomáš  |u 020040  |4 aut  |U SjF Strojnícka fakulta  |T SjF Ústav procesného inžinierstva  |X 104930  |U J0040  |Y 807  |7 104930 
242 0 1 |a Effect of powder material polydispersity on tablet strength  |y eng 
245 1 0 |a Vplyv polydisperzity práškového materiálu na pevnosť tablety 
260 |c 2024 
650 4 |a tabletovanie  |2 slo 
650 4 |a partikulárna látka  |2 slo 
650 4 |a pevnosť tabliet  |2 slo 
650 4 |a strength of the tablets  |2 eng 
650 4 |a tableting  |2 eng 
650 4 |a particulate matter  |2 eng 
700 1 |a Peciar, Marián  |u 020040  |k Z1  |4 ths  |U SjF Strojnícka fakulta  |T SjF Ústav procesného inžinierstva  |X 2359  |U J0040  |Y 807  |7 A000002359 
856 4 |u http://is.stuba.sk/zp/portal_zp.pl?podrobnosti=177950 
996 |b 284J047671  |c J* 3766/DDP  |l JJSK  |s A  |a 24  |w stuzp99991_0001